Studien zur Siebenbürgischen Kumstgeschichte

Podrobná bibliografia
Hlavný autor: Gündisch, Gustav (Autor)
Médium: Kniha
Jazyk:neznámy jazyk
Fyzický popis:319 s.
Vydavateľské údaje: Bukarest Kriterion 1976

MARC

LEADER 00000nam a2200000 a 4500
001 vtls001447663
003 SK-MaSNL
005 20260302002205.0
008 240315s1976 xx 0 und
035 |a SNK000402925 
040 |a SNK  |b slo  |c SNK  |e AACR2 
100 1 |a Gündisch, Gustav  |4 aut  |9 639242 
245 1 |a Studien zur Siebenbürgischen Kumstgeschichte 
260 |a Bukarest  |b Kriterion  |c 1976 
300 |a 319 s. 
958 |a OND 
999 |c 986985  |d 988915 
952 |t P60, <04>, [BOOK], {604}  |a SNK  |b SNK  |y VYP  |7 0  |p 17A0370103  |o snkIC 68840  |0 0  |1 0  |4 0  |d 2003-01-11  |l 0  |r 2005-01-02 00:00:00  |w 2026-02-24